[Event "Sauerland Bezirk-ch"]
[Site "Sauerland"]
[Date "2004.12.18"]
[Round "?"]
[White "Erner, Mike"]
[Black "Radczewill, Horst"]
[Result "0-1"]
[WhiteElo "1152"]
[BlackElo "1625"]
[PlyCount "60"]
[EventDate "2004.11.01"]
[EventType "swiss"]
[EventRounds "7"]
[EventCountry "GER"]
[SourceTitle "EXT 2007"]
[Source "ChessBase"]
[SourceDate "2006.11.23"]
[SourceVersion "1"]
[SourceVersionDate "2006.11.23"]
[SourceQuality "1"]

1. d4 Nf6 2. c4 e5 3. e3 e4 4. g3 d5 5. cxd5 Qxd5 6. Nc3 Bb4 7. Qa4+ Nc6 8. Nge2 0-0 9. Bd2 Qd6 10. Bg2 Bf5 11. a3 Bxc3 12. Nxc3 a6 13. Qb3 Rfe8 14. Rc1 Be6 15. Qc2 Bf5 16. Na4 Nd7 17. Nc5 Nxd4 18. exd4 e3 19. Qxf5 exd2+ 20. Kxd2 Qxd4+ 21. Nd3 Ne5 22. Rxc7 Rad8 23. Be4 g6 24. Qf4 Qxb2+ 25. Kd1 Qb3+ 26. Ke2 Rxd3 27. Kf1 Rd4 28. Rxb7 Qc4+ 29. Kg2 Rxe4 30. Qd2 Qc6 0-1

[Event "Halver-ch"]
[Site "Halver"]
[Date "2003.11.07"]
[Round "?"]
[White "Mantler, Thorben"]
[Black "Radczewill, Horst"]
[Result "0-1"]
[WhiteElo "1771"]
[BlackElo "1610"]
[PlyCount "34"]
[EventDate "2003.09.14"]
[EventType "swiss"]
[EventRounds "9"]
[EventCountry "GER"]
[SourceTitle "EXT 2007"]
[Source "ChessBase"]
[SourceDate "2006.11.23"]
[SourceVersion "1"]
[SourceVersionDate "2006.11.23"]
[SourceQuality "1"]

1. e4 e5 2. f4 exf4 3. Nf3 Be7 4. d4 Bh4+ 5. g3 fxg3 6. Bg2 gxh2+ 7. Kf1 Bg3 8. Nc3 b6 9. Ne2 Ba6 10. e5 d5 11. exd6 Qxd6 12. Nxh2 Qf6+ 13. Nf3 Nd7 14. Kg1 Bd6 15. Nc3 0-0-0 16. Bg5 Qe6 17. Bxd8 Qe3# 0-1

[Event "Luedenscheid district-ch"]
[Site "Luedenscheid"]
[Date "2003.10.04"]
[Round "?"]
[White "Radczewill, Horst"]
[Black "Koenig, Paul"]
[Result "1-0"]
[WhiteElo "1610"]
[BlackElo "1363"]
[PlyCount "109"]
[EventDate "2003.10.03"]
[EventType "swiss"]
[EventRounds "7"]
[EventCountry "GER"]
[SourceTitle "EXT 2007"]
[Source "ChessBase"]
[SourceDate "2006.11.23"]
[SourceVersion "1"]
[SourceVersionDate "2006.11.23"]
[SourceQuality "1"]

1. e4 b6 2. Nf3 Bb7 3. Nc3 e6 4. Be2 Nf6 5. d3 c5 6. Bg5 d6 7. 0-0 h6 8. Bd2 Nc6 9. h3 Be7 10. Re1 0-0 11. Bf1 Nd7 12. Ne2 f5 13. Nf4 Rf6 14. exf5 e5 15. Ne6 Qc8 16. Nh4 Rxe6 17. fxe6 Bxh4 18. exd7 Qxd7 19. Re4 Bf6 20. Rg4 Kh8 21. Be3 Qf7 22. Qd2 Bc8 23. Rg3 e4 24. c3 Bh4 25. dxe4 Bxg3 26. fxg3 Qf6 27. Bd3 Ne5 28. Rf1 Qe6 29. b3 Bb7 30. Bc2 c4 31. Rf5 g6 32. Rf1 h5 33. Bd4 Kg7 34. Qf4 b5 35. bxc4 bxc4 36. Rb1 Qe7 37. Qe3 a6 38. Qe2 Qc7 39. g4 hxg4 40. Qxg4 Bc8 41. Qf4 Be6 42. Rf1 Qe7 43. Bxe5+ dxe5 44. Qxe5+ Kh7 45. Rf6 Qa7+ 46. Kh2 Bf7 47. Qf4 Kg8 48. e5 Kg7 49. Qg5 Qc5 50. Bxg6 Bxg6 51. Rxg6+ Kf8 52. Rg8+ Kf7 53. Rxa8 Ke6 54. Rxa6+ Kd7 55. Qg7+ 1-0

[Event "Halver-ch fin"]
[Site "Halver"]
[Date "2003.04.11"]
[Round "?"]
[White "Mantler, Thorben"]
[Black "Radczewill, Horst"]
[Result "1-0"]
[WhiteElo "1644"]
[BlackElo "1588"]
[PlyCount "57"]
[EventDate "2003.03.14"]
[EventType "swiss"]
[EventRounds "3"]
[EventCountry "GER"]
[SourceTitle "EXT 2007"]
[Source "ChessBase"]
[SourceDate "2006.11.23"]
[SourceVersion "1"]
[SourceVersionDate "2006.11.23"]
[SourceQuality "1"]

1. c4 Nf6 2. Nc3 e5 3. Nf3 d6 4. d4 e4 5. Ng5 d5 6. cxd5 Nxd5 7. Qb3 Bb4 8. Ngxe4 Nc6 9. e3 Be6 10. Qc2 Qe7 11. Bd3 f5 12. Ng3 f4 13. Nge4 Bg4 14. 0-0 Bxc3 15. bxc3 f3 16. g3 Nf6 17. Ng5 0-0-0 18. a4 Qd7 19. h3 Bxh3 20. Nxh3 Ne7 21. Nf4 g5 22. Ba3 Nfd5 23. Nxd5 Qh3 24. Bf5+ Nxf5 25. Qxf5+ Qxf5 26. Ne7+ Kb8 27. Nxf5 Rhg8 28. Rab1 h5 29. Ne7 1-0

[Event "Halver-ch fin"]
[Site "Halver"]
[Date "2003.04.04"]
[Round "?"]
[White "Radczewill, Horst"]
[Black "Hoyer, Thomas"]
[Result "1/2-1/2"]
[WhiteElo "1588"]
[BlackElo "1854"]
[PlyCount "51"]
[EventDate "2003.03.14"]
[EventType "swiss"]
[EventRounds "3"]
[EventCountry "GER"]
[SourceTitle "EXT 2007"]
[Source "ChessBase"]
[SourceDate "2006.11.23"]
[SourceVersion "1"]
[SourceVersionDate "2006.11.23"]
[SourceQuality "1"]

1. e4 c5 2. Nf3 Nc6 3. Be2 e5 4. d3 d6 5. Be3 Be7 6. 0-0 h6 7. Nc3 Be6 8. a3 Qd7 9. Qd2 Nf6 10. Nd1 d5 11. exd5 Nxd5 12. Re1 g5 13. c4 Nc7 14. Qc2 f5 15. Bc1 g4 16. Nd2 Nd4 17. Qb1 f4 18. Bf1 Nc6 19. Ne4 h5 20. b4 b6 21. Bb2 Nd4 22. Bxd4 Qxd4 23. Ra2 h4 24. bxc5 Bxc5 25. Nxc5 Qxc5 26. Qb4 1/2-1/2

[Event "Sauerland Bezirksliga 0203"]
[Site "Sauerland"]
[Date "2003.01.26"]
[Round "5"]
[White "Radczewill, Horst"]
[Black "Mickisch, Henri"]
[Result "0-1"]
[WhiteElo "1588"]
[BlackElo "1601"]
[PlyCount "91"]
[EventDate "2002.09.01"]
[EventType "team"]
[EventRounds "7"]
[EventCountry "GER"]
[SourceTitle "EXT 2007"]
[Source "ChessBase"]
[SourceDate "2006.11.23"]
[SourceVersion "1"]
[SourceVersionDate "2006.11.23"]
[SourceQuality "1"]
[WhiteTeam "Halver II"]
[BlackTeam "Attendorn"]
[WhiteTeamCountry "GER"]
[BlackTeamCountry "GER"]

1. e4 c5 2. Nf3 Nc6 3. Be2 g6 4. d4 cxd4 5. Nxd4 Bg7 6. Nxc6 bxc6 7. 0-0 e6 8. c3 Ne7 9. Bf4 0-0 10. Bd6 Re8 11. Nd2 Bb7 12. c4 Nc8 13. c5 Nxd6 14. cxd6 Qb8 15. Nc4 Ba6 16. Qd2 Bxc4 17. Bxc4 Qxb2 18. Qd3 Qd4 19. Rad1 Qxd3 20. Rxd3 Rab8 21. a3 c5 22. f4 Bd4+ 23. Kh1 Rb2 24. h3 Reb8 25. a4 R8b6 26. e5 Rb8 27. Bb5 Rd8 28. Rc1 Rb4 29. Rc4 a5 30. Rxb4 axb4 31. g3 f6 32. exf6 Kf7 33. Kg2 Kxf6 34. Kf3 e5 35. Bc4 Ra8 36. Bb5 Ra7 37. Ke4 exf4 38. gxf4 Ke6 39. Rg3 Ra8 40. Rg5 Rd8 41. Rd5 Kf6 42. Rg5 h6 43. Rg2 b3 44. Kd5 b2 45. Bd3 Ra8 46. Bb5 0-1

[Event "Baunatal op 8th"]
[Site "Baunatal"]
[Date "2002.08.09"]
[Round "2"]
[White "Radczewill, Horst"]
[Black "Reh, Philipp"]
[Result "1/2-1/2"]
[WhiteElo "1641"]
[BlackElo "2138"]
[PlyCount "73"]
[EventDate "2002.08.09"]
[EventType "swiss"]
[EventRounds "7"]
[EventCountry "GER"]
[SourceTitle "EXT 2003"]
[Source "ChessBase"]
[SourceDate "2002.11.25"]
[SourceVersion "1"]
[SourceVersionDate "2002.11.25"]
[SourceQuality "1"]

1. e4 g6 2. Nf3 Bg7 3. Bc4 e6 4. 0-0 Ne7 5. e5 0-0 6. d4 d6 7. Bf4 dxe5 8. dxe5 Qxd1 9. Rxd1 b6 10. Nbd2 Nd5 11. Bg3 Bb7 12. c3 Nc6 13. Re1 Na5 14. Bd3 Rad8 15. Bc2 Bh6 16. Ne4 Ba6 17. Nf6+ Nxf6 18. exf6 c5 19. Rad1 Nc4 20. Bc7 Rxd1 21. Rxd1 Bb7 22. Ne5 Nxe5 23. Bxe5 Bd5 24. a3 c4 25. g3 b5 26. h4 a5 27. f4 Rc8 28. Kf2 Bf8 29. Ke3 b4 30. axb4 axb4 31. cxb4 Bxb4 32. Ra1 h5 33. Bc3 Rb8 34. Bd4 Ra8 35. Rxa8+ Bxa8 36. Be4 Bd5 37. Bc3 1/2-1/2

[Event "Halver Cup"]
[Site "Halver"]
[Date "2002.06.28"]
[Round "5"]
[White "Radczewill, Horst"]
[Black "Kaemper, Ralph"]
[Result "0-1"]
[WhiteElo "1652"]
[BlackElo "1862"]
[PlyCount "92"]
[EventDate "2002.05.10"]
[EventType "swiss"]
[EventRounds "5"]
[EventCountry "GER"]
[SourceTitle "EXT 2007"]
[Source "ChessBase"]
[SourceDate "2006.11.23"]
[SourceVersion "1"]
[SourceVersionDate "2006.11.23"]
[SourceQuality "1"]

1. e4 g6 2. d4 c6 3. Nf3 d5 4. exd5 cxd5 5. Be2 Nc6 6. c3 Bg7 7. Bf4 Qb6 8. Qc1 Bg4 9. 0-0 Nf6 10. Re1 Bxf3 11. Bxf3 0-0 12. Nd2 Rac8 13. Nb3 e6 14. Qe3 Nd7 15. Rab1 Na5 16. Nxa5 Qxa5 17. Bd6 Rfe8 18. a3 b5 19. Qf4 Qb6 20. Qg3 a5 21. Re2 Rc6 22. Bc5 Nxc5 23. Bxd5 Nd7 24. Bxc6 Qxc6 25. Qd3 Rc8 26. Rbe1 Nb6 27. h3 Nd5 28. Re4 Rb8 29. Qg3 Rc8 30. h4 b4 31. h5 Nf6 32. Rh4 bxc3 33. bxc3 Nxh5 34. Qg4 Nf6 35. Qh3 Qxc3 36. Re3 Qc1+ 37. Kh2 Qc7+ 38. Kh1 Rb8 39. f4 h5 40. Rc3 Rb1+ 41. Kh2 Qd7 42. Qd3 Rb8 43. Kg3 Ng4 44. Rc4 Qd5 45. Rh1 Bf6 46. Rhc1 h4+ 0-1

[Event "Baunatal op 7th"]
[Site "Baunatal"]
[Date "2001.08.09"]
[Round "2"]
[White "Radczewill, Horst"]
[Black "Hauck, Bernd"]
[Result "0-1"]
[WhiteElo "1522"]
[BlackElo "1831"]
[PlyCount "58"]
[EventDate "2001.08.08"]
[EventType "swiss"]
[EventRounds "7"]
[EventCountry "GER"]
[SourceTitle "EXT 2002"]
[Source "ChessBase"]
[SourceDate "2001.11.25"]
[SourceVersion "1"]
[SourceVersionDate "2001.11.25"]
[SourceQuality "1"]

1. e4 c5 2. Nf3 Nc6 3. Be2 g6 4. 0-0 Bg7 5. c3 e5 6. d3 d6 7. Nbd2 Be6 8. Re1 Nge7 9. Nf1 0-0 10. Bd2 h6 11. Qc1 Kh7 12. h3 f5 13. exf5 gxf5 14. Ng3 Qd7 15. Nh2 f4 16. Nh1 Rg8 17. Bf1 Bf6 18. Qd1 Bxh3 19. f3 Bf5 20. Nf2 Rg6 21. Ne4 Rag8 22. Re2 b6 23. Qe1 Kg7 24. Rd1 Kf7 25. b4 cxb4 26. cxb4 Nd4 27. Rf2 Bh4 28. g3 fxg3 29. Nxg3 Bxg3 0-1

[Event "Halver Cup"]
[Site "Halver"]
[Date "2001.06.29"]
[Round "7"]
[White "Pietrzak, Oliver"]
[Black "Radczewill, Horst"]
[Result "0-1"]
[WhiteElo "1333"]
[BlackElo "1565"]
[PlyCount "24"]
[EventDate "2001.05.04"]
[EventType "swiss"]
[EventRounds "7"]
[EventCountry "GER"]
[SourceTitle "EXT 2007"]
[Source "ChessBase"]
[SourceDate "2006.11.23"]
[SourceVersion "1"]
[SourceVersionDate "2006.11.23"]
[SourceQuality "1"]

1. d4 Nf6 2. Nf3 d5 3. c4 c6 4. e3 Bg4 5. Nc3 e6 6. Bd3 Nbd7 7. 0-0 e5 8. dxe5 Nxe5 9. cxd5 Nxf3+ 10. gxf3 Bh3 11. Re1 Nxd5 12. Nxd5 Qg5+ 0-1

[Event "Nord West Cup 3rd"]
[Site "Oldenburg"]
[Date "2001.02.02"]
[Round "2"]
[White "Boehme, Arne"]
[Black "Radczewill, Horst"]
[Result "1/2-1/2"]
[WhiteElo "1796"]
[BlackElo "1556"]
[PlyCount "48"]
[EventDate "2001.02.01"]
[EventType "swiss"]
[EventRounds "7"]
[EventCountry "GER"]
[SourceTitle "EXT 2010"]
[Source "ChessBase"]
[SourceDate "2010.11.25"]
[SourceVersion "1"]
[SourceVersionDate "2010.11.25"]
[SourceQuality "1"]

1. e4 c5 2. Nf3 Nc6 3. d4 cxd4 4. Nxd4 Nf6 5. Nc3 e5 6. Nf3 Bb4 7. Bd3 d6 8. Bd2 Bg4 9. a3 Bxc3 10. Bxc3 0-0 11. h3 Bh5 12. g4 Bg6 13. Qe2 Qb6 14. Nd2 Rad8 15. h4 d5 16. f3 h6 17. 0-0-0 Nd4 18. Qg2 dxe4 19. fxe4 Qc6 20. h5 Bh7 21. Rdg1 Ne6 22. Kb1 Nf4 23. Qf3 Ne6 24. Bxe5 Ng5 1/2-1/2

[Event "Nord West Cup 3rd"]
[Site "Oldenburg"]
[Date "2001.02.01"]
[Round "1"]
[White "Radczewill, Horst"]
[Black "Gudat, Alfons"]
[Result "0-1"]
[WhiteElo "1556"]
[BlackElo "2072"]
[PlyCount "54"]
[EventDate "2001.02.01"]
[EventType "swiss"]
[EventRounds "7"]
[EventCountry "GER"]
[SourceTitle "EXT 2010"]
[Source "ChessBase"]
[SourceDate "2010.11.25"]
[SourceVersion "1"]
[SourceVersionDate "2010.11.25"]
[SourceQuality "1"]

1. e4 c5 2. Nf3 Nc6 3. Be2 d6 4. d3 g6 5. c3 Bg7 6. 0-0 Nf6 7. Nbd2 0-0 8. Nc4 b5 9. Ne3 e5 10. a3 a5 11. Qc2 Rb8 12. Bd2 h6 13. Rfd1 Be6 14. Qc1 Kh7 15. Nc2 Bb3 16. Re1 d5 17. exd5 Nxd5 18. Ne3 Nf4 19. Ng4 Nxe2+ 20. Rxe2 Qxd3 21. Re3 Qf5 22. h3 h5 23. Ngh2 Rfd8 24. Re4 Kg8 25. Rh4 e4 26. Ng5 e3 27. Nhf3 Rxd2 0-1

[Event "Nord West Cup"]
[Site "Oldenburg"]
[Date "2000.02.12"]
[Round "4"]
[White "Kohlmann, Christian"]
[Black "Radczewill, Horst"]
[Result "0-1"]
[WhiteElo "1051"]
[BlackElo "1545"]
[PlyCount "84"]
[EventDate "2000.??.??"]
[EventType "swiss"]
[EventRounds "7"]
[EventCountry "GER"]
[SourceTitle "EXT 2002"]
[Source "ChessBase"]
[SourceDate "2001.11.25"]
[SourceVersion "1"]
[SourceVersionDate "2001.11.25"]
[SourceQuality "1"]

1. d4 d5 2. c4 Nf6 3. cxd5 Nxd5 4. e4 Nb6 5. Nc3 c6 6. Bf4 e6 7. Nf3 Be7 8. Be2 0-0 9. Qb3 N8d7 10. Rd1 Nf6 11. 0-0 h6 12. h3 a5 13. a4 Bb4 14. Bd3 Qe7 15. Ne5 Nbd7 16. Nc4 Ne8 17. Bc2 b6 18. Rd3 h5 19. Rg3 Qf6 20. Ne2 g6 21. Bh6 b5 22. axb5 cxb5 23. Ne3 Nc7 24. Bxf8 Bxf8 25. d5 Nc5 26. Qa2 b4 27. Qb1 b3 28. Bd3 Nxd3 29. Qxd3 Ba6 30. Qd2 Bb4 31. Qd1 Rd8 32. Qc1 Bxe2 33. Qxc7 Bd6 34. Qxa5 Bxg3 35. fxg3 Bxf1 36. Nxf1 exd5 37. exd5 Qd4+ 38. Kh2 Rxd5 39. Qa8+ Rd8 40. Qa3 Rb8 41. h4 Qf2 42. Qd6 Re8 0-1

[Event "Nord West Cup"]
[Site "Oldenburg"]
[Date "2000.02.11"]
[Round "3"]
[White "Radczewill, Horst"]
[Black "Van der Veen, Anne"]
[Result "0-1"]
[WhiteElo "1545"]
[BlackElo "1600"]
[PlyCount "85"]
[EventDate "2000.??.??"]
[EventType "swiss"]
[EventRounds "7"]
[EventCountry "GER"]
[SourceTitle "EXT 2002"]
[Source "ChessBase"]
[SourceDate "2001.11.25"]
[SourceVersion "1"]
[SourceVersionDate "2001.11.25"]
[SourceQuality "1"]

1. e4 e6 2. d4 d5 3. Nc3 Nf6 4. f3 c5 5. Bb5+ Nc6 6. Bg5 dxe4 7. dxc5 Qxd1+ 8. Rxd1 exf3 9. Nxf3 Bxc5 10. Ne4 Be7 11. Nf2 Bd7 12. 0-0 Rd8 13. c3 0-0 14. Rfe1 Nb8 15. Bd3 Rfe8 16. Be3 b6 17. Ne5 Bc8 18. Bf4 Bb7 19. Nc4 Na6 20. b4 Rc8 21. a4 Red8 22. Bf1 Nd5 23. Bd2 Rc7 24. Ne4 Nb8 25. Kh1 Nd7 26. Ned6 Ba8 27. Nb5 Rb7 28. Be2 N7f6 29. Bf3 a6 30. Nd4 Rc7 31. Ne5 Nxc3 32. Rc1 Bxf3 33. Ndxf3 Bxb4 34. Rf1 Nfd5 35. Nd4 Rdc8 36. Rc2 Ne4 37. Rxc7 Rxc7 38. Bxb4 Nxb4 39. Ndc6 Nxc6 40. Rc1 Nc5 41. Rd1 g6 42. Nc4 Nxa4 43. Rc1 0-1